00481nam a2200157Ia 4500003000900000008004100009020001800050040001600068080001500084100001200099245011100111260004200222300001400264650002600278650001900304IN-BaIIA211028s9999 xx 000 0 eng d a0-19-859613-8 cIIA Library a517bPAG-2 aPage, A 0aMathematical analysis and techniquesbvol. 2cA. Page  aLondonbOxford University Pressc1974 aix, 298p. aMathematical analysis aNASA Thesaurus